<?xml version="1.0" encoding="UTF-8"?><?xml-stylesheet type="text/xsl" href="static/style.xsl"?><OAI-PMH xmlns="http://www.openarchives.org/OAI/2.0/" xmlns:xsi="http://www.w3.org/2001/XMLSchema-instance" xsi:schemaLocation="http://www.openarchives.org/OAI/2.0/ http://www.openarchives.org/OAI/2.0/OAI-PMH.xsd"><responseDate>2026-04-13T00:48:20Z</responseDate><request verb="GetRecord" identifier="oai:www.recercat.cat:2117/445812" metadataPrefix="marc">https://recercat.cat/oai/request</request><GetRecord><record><header><identifier>oai:recercat.cat:2117/445812</identifier><datestamp>2026-03-16T09:28:07Z</datestamp><setSpec>com_2072_1033</setSpec><setSpec>col_2072_452951</setSpec></header><metadata><record xmlns="http://www.loc.gov/MARC21/slim" xmlns:dcterms="http://purl.org/dc/terms/" xmlns:xsi="http://www.w3.org/2001/XMLSchema-instance" xmlns:doc="http://www.lyncode.com/xoai" xsi:schemaLocation="http://www.loc.gov/MARC21/slim http://www.loc.gov/standards/marcxml/schema/MARC21slim.xsd">
   <leader>00925njm 22002777a 4500</leader>
   <datafield ind2=" " ind1=" " tag="042">
      <subfield code="a">dc</subfield>
   </datafield>
   <datafield ind2=" " ind1=" " tag="720">
      <subfield code="a">Todoran, Tudor</subfield>
      <subfield code="e">author</subfield>
   </datafield>
   <datafield ind2=" " ind1=" " tag="260">
      <subfield code="c">2025-05-22</subfield>
   </datafield>
   <datafield ind2=" " ind1=" " tag="520">
      <subfield code="a">En aquest treball de fi d'estudis es proposa implementar un sistema basat en internet de les coses o IoT en habitacions d’un hotel amb l’objectiu d’augmentar l’eficiència energètica, la sostenibilitat i millorar l’experiència del client.
El projecte inclou el muntatge d’una maqueta que representa una habitació d’hotel, la qual incorpora sensors i actuadors de baix cost que són controlats per un microcontrolador NodeMCU. El sistema està vinculat a la plataforma IoT Thinger.io que es gestiona a través d’una aplicació mòbil. Tot aquest conjunt facilita la visualització de com s’integra el sistema IoT a una habitació.
Paral·lelament, es realitza una aproximació del consum energètic i la despesa econòmica que suposaria la implementació real del projecte prenent com a referència les dades reals d’un hotel de la Costa Brava. Aquesta informació ajudarà a concloure la viabilitat pràctica d’aquest projecte, modernitzant el control de les instal·lacions i aportant un valor afegit que pot suposar les millores ambientals i de sostenibilitat amb possibles certificacions ECO o verdes a nivell hoteler.</subfield>
   </datafield>
   <datafield ind2=" " ind1=" " tag="520">
      <subfield code="a">En este trabajo de fin de grado se propone implementar un sistema basado en internet de las cosas o IoT en habitaciones de un hotel con el objetivo de aumentar la eficiencia energética, la sostenibilidad y mejorar la experiencia del cliente. El proyecto incluye el montaje de una maqueta que representa una habitación del hotel, que incorpora sensores y actuadores de bajo coste que son controlados por un microcontrolador NodeMCU. El sistema está vinculado a la plataforma IoT Thinger.io que se gestiona a través de una aplicación móvil. Todo este conjunto facilita la visualización de cómo se integra el sistema IoT en una habitación. Paralelamente, se realiza una aproximación del consumo energético y el gasto económico que supondría la implementación real del proyecto tomando como referencia los datos reales de un hotel de la costa brava. Esta información ayudará a concluir la viabilidad práctica de este proyecto, modernizando el control de las instalaciones y aportando un valor añadido que puede suponer las mejoras ambientales y de sostenibilidad con posibles certificaciones ECO o verdes a nivel hotelero.</subfield>
   </datafield>
   <datafield ind2=" " ind1=" " tag="520">
      <subfield code="a">This bachelor’s degree thesis proposes to implement an internet of things or IoT based system based inside hotel rooms with the aim of increasing energy efficiency , sustainibility and improving customer’s experience. The project includes the assembly of a model representing a hotel room, which incorporates low-cost sensors and actuators that are controlled by a NodeMCU microcontroller. The system is linked to the Thinger.io IoT platform which is managed through a mobile application. This whole set makes it easy to visualize how the IoT system is integrated into a hotel room.
At the same time, an energy consumption and economic expenditure apro is carried out considering what the actual implementation of the project would entail, taking as reference the real data of a hotel on the Costa Brava. This information will help to assess the practical feasibility of this project. modernizing the control of the facilities and providing an added value that environmental and sustainability improvements can mean with possible ECO or green certifications at the hotel level.</subfield>
   </datafield>
   <datafield tag="653" ind2=" " ind1=" ">
      <subfield code="a">Àrees temàtiques de la UPC::Edificació::Instal·lacions i acondicionament d'edificis::Domòtica</subfield>
   </datafield>
   <datafield tag="653" ind2=" " ind1=" ">
      <subfield code="a">Àrees temàtiques de la UPC::Enginyeria electrònica</subfield>
   </datafield>
   <datafield tag="653" ind2=" " ind1=" ">
      <subfield code="a">Internet of things</subfield>
   </datafield>
   <datafield tag="653" ind2=" " ind1=" ">
      <subfield code="a">Home automation</subfield>
   </datafield>
   <datafield tag="653" ind2=" " ind1=" ">
      <subfield code="a">Internet de les coses</subfield>
   </datafield>
   <datafield tag="653" ind2=" " ind1=" ">
      <subfield code="a">Hotels -- Innovacions tecnològiques</subfield>
   </datafield>
   <datafield tag="653" ind2=" " ind1=" ">
      <subfield code="a">Domòtica</subfield>
   </datafield>
   <datafield ind2="0" ind1="0" tag="245">
      <subfield code="a">Implementació d'un sistema IoT a un hotel</subfield>
   </datafield>
</record></metadata></record></GetRecord></OAI-PMH>